[Event "Veteranos Aragón. Máster 50"]
[Site "?"]
[Date "2019.??.??"]
[Round "?"]
[White "SANTOS, Higinio"]
[Black "GARCÍA, Miguel Ángel"]
[Result "0-1"]
[WhiteElo "1392"]
[BlackElo "1702"]
[PlyCount "112"]
[EventDate "2019.04.28"]

1. d4 Nf6 2. Nf3 d5 3. c4 e6 4. Nc3 Be7 5. Bg5 a6 6. cxd5 exd5 7. Qa4+ c6 8. e3
O-O 9. Bd3 Nbd7 10. O-O Re8 11. Rfe1 h6 12. Bf4 Nh5 13. Qc2 Nxf4 14. exf4 Nf6
15. Ne5 c5 16. dxc5 Bxc5 17. Rad1 Qd6 18. Re2 Bd7 19. Rde1 Red8 20. Nxd7 Qxd7
21. f5 Rac8 22. Qb3 Qc6 23. Rc2 Qd6 24. Qxb7 Ng4 25. g3 Ra8 26. Qb3 Rab8 27.
Qa4 Nxf2 28. Rxf2 Rxb2 29. Re8+ Rxe8 30. Qxe8+ Qf8 31. Qxf8+ Kxf8 32. Nd1 Rxa2
33. Kf1 Bxf2 34. Nxf2 Ke7 35. h4 Kd6 36. Nd1 Rd2 37. Be2 a5 38. Ke1 Rc2 39. Ne3
Rb2 40. Bf3 Rb5 41. Kd2 Ke5 42. g4 a4 43. Be2 Rb2+ 44. Kd3 $4 a3 45. Nc2 a2 46.
Na1 Rb1 47. Nc2 a1=Q 48. Nxa1 Rxa1 49. h5 Ra4 50. Kd2 Ra2+ 51. Kd3 Rxe2 52.
Kxe2 Kd4 53. Kf3 f6 54. Kf4 Kc3 55. Ke3 d4+ 56. Ke2 Kc2 0-1

[Event "Veteranos Aragón. Máster 50"]
[Site "?"]
[Date "2019.??.??"]
[Round "?"]
[White "SÁNCHEZ, José María"]
[Black "FERNÁNDEZ, Tomás"]
[Result "1-0"]
[WhiteElo "1651"]
[BlackElo "1409"]
[PlyCount "93"]
[EventDate "2019.04.28"]

1. e4 e5 2. Nf3 Nf6 3. Bc4 Nc6 4. O-O d6 5. Ng5 d5 6. exd5 Nd4 7. d6 Ne6 8.
dxc7 Qxc7 9. Bb5+ Bd7 10. Nxe6 fxe6 11. Bxd7+ Qxd7 12. b3 Bd6 13. Ba3 O-O 14.
Bxd6 Qxd6 15. Nc3 Rad8 16. d3 Qc5 17. Qe1 Rd4 18. Ne2 Rh4 19. c4 Ng4 20. h3 Nh6
21. Ng3 Rhf4 22. Qe3 Qc7 23. Rae1 Nf5 24. Nxf5 R4xf5 25. d4 exd4 26. Qxd4 e5
27. Qd5+ Kh8 28. Rd1 h6 29. Qd6 Qf7 30. Rd2 e4 31. Re2 e3 32. f3 Re8 33. Rfe1
Rfe5 34. c5 Qf4 35. a3 Qg5 36. b4 Rd8 37. Qc7 Rd2 38. Qc8+ Kh7 39. Qg4 Rxe2 40.
Rxe2 Qd8 41. f4 Qd1+ 42. Kh2 h5 43. Qf3 Rf5 44. Rxe3 Qd7 45. Re5 Qf7 $4 46. Qe4
g6 47. Re7 1-0

[Event "Veteranos Aragón. Máster 50"]
[Site "?"]
[Date "2019.??.??"]
[Round "?"]
[White "AMORÓS, Manuel"]
[Black "COLÓN, Antonio"]
[Result "1-0"]
[WhiteElo "1483"]
[BlackElo "1293"]
[PlyCount "51"]
[EventDate "2019.04.28"]

1. e4 c5 2. Nf3 Nc6 3. g3 g6 4. Bg2 Bg7 5. O-O e5 6. c3 Nf6 7. d3 O-O 8. h3 d6
9. Nh4 Be6 10. Be3 Qe7 11. Qc1 d5 12. Nd2 d4 13. cxd4 cxd4 14. Bg5 Nb4 15. Ndf3
Rac8 16. Qd1 Nxd3 17. Qxd3 Bc4 18. Qd1 Bxf1 19. Bxf1 Qc5 20. Bd3 Nd7 21. Nd2
Rc6 22. Nb3 Qb6 23. Qe2 Rfc8 24. Kg2 h6 25. Bd2 Kh7 $4 26. Ba5 1-0

[Event "Veteranos Aragón. Máster 50"]
[Site "?"]
[Date "2019.??.??"]
[Round "?"]
[White "GARCÍA, Mauricio"]
[Black "ÁLVARO, Gonzalo"]
[Result "1-0"]
[WhiteElo "1490"]
[BlackElo "1285"]
[PlyCount "49"]
[EventDate "2019.04.28"]

1. Nf3 c6 2. e4 Qc7 3. d4 d6 4. Nc3 Bg4 5. Be2 Nd7 6. Be3 h6 7. O-O g5 8. d5
Bg7 9. Nd4 Bxe2 10. Qxe2 Ngf6 11. Nf5 Bf8 12. f3 Nb6 13. Bd4 O-O-O 14. dxc6
bxc6 15. a4 e5 16. Bxb6 Qxb6+ 17. Kh1 a5 18. Rfd1 Nh5 19. Qc4 Kb8 20. Rab1 Rd7
21. b4 Rb7 22. bxa5 Qxa5 23. Rxb7+ Kxb7 24. Rb1+ Kc7 25. Qxf7+ 1-0

[Event "Veteranos Aragón. Máster 50"]
[Site "?"]
[Date "2019.??.??"]
[Round "?"]
[White "PÉREZ, Pedro"]
[Black "LLANES, Ricardo"]
[Result "0-1"]
[WhiteElo "1759"]
[BlackElo "2201"]
[PlyCount "86"]
[EventDate "2019.04.28"]

1. e4 c5 2. Nf3 e6 3. g3 Nc6 4. Bg2 Nf6 5. d3 d5 6. exd5 Nxd5 7. O-O Be7 8. d4
O-O 9. c3 cxd4 10. Nxd4 Nxd4 11. Qxd4 Bf6 12. Qd1 Bd7 13. Nd2 Bc6 14. Nf3 Qb6
15. Qb3 Rfd8 16. Qxb6 Nxb6 17. Be3 Nc4 18. Bc1 Rd7 19. Ne1 Nd2 20. Bxc6 bxc6
21. Bxd2 Rxd2 22. Rb1 Rb8 23. Nf3 Rdxb2 24. Rxb2 Rxb2 25. Nd4 Bxd4 26. cxd4
Rxa2 27. Rc1 Ra6 28. Rc2 Kf8 29. Kf1 Ke7 30. Ke2 Kd6 31. Kd3 Ra5 32. Rb2 Rb5
33. Ra2 a5 34. Kc4 g5 35. f3 h5 36. Ra3 Kc7 37. Ra2 Kb6 38. Rf2 a4 39. f4 g4
40. Ra2 Ra5 41. Kb4 a3 42. Rxa3 Rxa3 43. Kxa3 c5 0-1

[Event "Veteranos Aragón. Máster 50"]
[Site "?"]
[Date "2019.??.??"]
[Round "?"]
[White "ANTOÑANO, Avelino"]
[Black "JUBERÍAS, Santiago"]
[Result "1/2-1/2"]
[WhiteElo "2133"]
[BlackElo "2009"]
[PlyCount "94"]
[EventDate "2019.04.28"]

1. e4 c5 2. Nf3 d6 3. d4 cxd4 4. Nxd4 Nf6 5. Nc3 a6 6. g3 g6 7. Bg2 Bg7 8. O-O
O-O 9. Re1 e5 10. Nb3 Qc7 11. Bg5 Be6 12. Nd2 h6 13. Bxf6 Bxf6 14. Nf1 Nc6 15.
Ne3 Ne7 16. Qd2 Rac8 17. Rac1 Qc5 18. h4 Rfd8 19. Red1 Qd4 20. Qe1 Qb4 21. Rd3
Bc4 22. Nxc4 Rxc4 23. b3 Rd4 24. Qe3 Rc8 25. Ne2 Rxd3 26. Qxd3 b5 27. c3 Qc5
28. Rd1 Rc6 29. b4 Qb6 30. Ra1 Nc8 31. a4 Rc4 32. axb5 axb5 33. Ra3 Qc6 34. Qd2
Kg7 35. Qa2 Nb6 36. Ra6 Qc7 37. Qa5 Na4 38. Qxb5 Nxc3 39. Nxc3 Rxc3 40. Qd5
Rc1+ 41. Kh2 Be7 42. b5 Rb1 43. Qc6 Qxc6 44. bxc6 Rc1 45. Ra7 Bd8 46. Rd7 Bb6
47. Rxd6 Bc7 1/2-1/2

[Event "Veteranos Aragón. Máster 50"]
[Site "?"]
[Date "2019.??.??"]
[Round "?"]
[White "CASTERÁ, Rafael"]
[Black "GINÉS, Pedro"]
[Result "0-1"]
[WhiteElo "1671"]
[BlackElo "1958"]
[PlyCount "76"]
[EventDate "2019.04.28"]

1. c4 e5 2. d3 d6 3. Nc3 g6 4. g3 Bg7 5. Bg2 c6 6. e4 f5 7. f4 Nf6 8. fxe5 dxe5
9. Nf3 fxe4 10. dxe4 Qxd1+ 11. Kxd1 Bg4 12. h3 Bxf3+ 13. Bxf3 Na6 14. Be3 Bf8
15. a3 Bc5 16. Re1 Bxe3 17. Rxe3 Nc5 18. Kc2 Ne6 19. Rd1 Nd4+ 20. Kc1 Ke7 21.
g4 g5 22. Nd5+ $2 cxd5 23. exd5 Kd6 24. b4 b6 25. Rxd4 exd4 26. Re6+ Kd7 27.
Rxf6 Raf8 28. Rf5 Rxf5 29. gxf5 Kd6 30. Kd2 Ke5 31. c5 Kxf5 32. c6 Ke5 33. Bg4
h5 34. Bd7 Kd6 35. Kd3 g4 36. hxg4 h4 37. g5 h3 38. g6 h2 0-1

[Event "Veteranos Aragón. Máster 50"]
[Site "?"]
[Date "2019.??.??"]
[Round "?"]
[White "ROCHE, Manuel Ángel"]
[Black "OCABO, Pedro Arístides"]
[Result "1-0"]
[WhiteElo "2129"]
[BlackElo "1775"]
[PlyCount "45"]
[EventDate "2019.04.28"]

1. e4 d6 2. d4 Nf6 3. Nc3 g6 4. Be3 Bg7 5. Qd2 c6 6. Bh6 Bxh6 7. Qxh6 b5 8. Bd3
b4 9. Nce2 Qa5 10. Nf3 Qh5 11. Qd2 c5 12. Ng3 Qg4 13. Bb5+ Nfd7 14. d5 e5 15.
dxe6 Qxe6 16. O-O a6 17. Ba4 O-O 18. Rfd1 Nb6 19. Bb3 Qd7 20. Qxd6 Qb5 21. Bd5
Nc4 22. Qf4 Nc6 23. Qh6 1-0

[Event "Veteranos Aragón. Máster 50"]
[Site "?"]
[Date "2019.??.??"]
[Round "?"]
[White "SÁNCHEZ, Roberto"]
[Black "MERIN, Miguel Ángel"]
[Result "1-0"]
[WhiteElo "2037"]
[BlackElo "1700"]
[PlyCount "79"]
[EventDate "2019.04.28"]

1. g3 d5 2. Bg2 Nf6 3. f4 Bf5 4. d3 e6 5. e3 Bc5 6. h3 h6 7. Nf3 Nbd7 8. Qe2 c6
9. Nbd2 Qb6 10. Nf1 O-O 11. g4 Bg6 12. a3 Rfe8 13. Nh4 Nf8 14. Nxg6 Nxg6 15. g5
hxg5 16. fxg5 Nd7 17. h4 e5 18. Qg4 Rad8 19. h5 Nh8 20. b4 Bd6 21. Ng3 a5 22.
Bd2 axb4 23. axb4 e4 24. d4 Bxb4 25. c3 Bd6 26. Nf5 Qc7 27. Bh3 c5 28. Ke2 cxd4
29. cxd4 Nb6 30. Rac1 Nc4 31. g6 Ra8 $4 32. gxf7+ Qxf7 33. Nh6+ Kf8 34. Nxf7
Nxf7 35. Rhg1 Ra2 36. Qxg7+ Ke7 37. Rxc4 dxc4 38. Rf1 Rf8 39. Qf6+ Ke8 40. Qe6+
1-0

[Event "Veteranos Aragón. Máster 50"]
[Site "?"]
[Date "2019.??.??"]
[Round "?"]
[White "DOMINGO, Agustín"]
[Black "LEBRÓN, José María"]
[Result "1-0"]
[WhiteElo "1709"]
[BlackElo "1784"]
[PlyCount "147"]
[EventDate "2019.04.28"]

1. e4 e5 2. Nf3 Nc6 3. d4 exd4 4. Nxd4 Bc5 5. Nxc6 Qf6 6. Qe2 Qxc6 7. Nc3 Nf6
8. Be3 Bb4 9. Bd4 Qe6 10. f3 a6 11. g3 O-O 12. Bg2 d5 13. O-O c6 14. a3 Be7 15.
e5 Nd7 16. f4 f5 17. Rad1 Bc5 $2 18. Bxc5 Nxc5 19. Nxd5 Qf7 20. Nb6 Rb8 21. b4
Ne4 22. Bxe4 fxe4 23. Qxe4 Bf5 24. Qe3 Bg4 25. Rd2 Rbd8 26. Re1 Be6 27. Na4 Qh5
28. Nc5 Rxd2 29. Qxd2 Bd5 30. Qe2 Bf3 31. Qd2 Bd5 32. Qe3 Qh3 33. Ne4 Kh8 34.
Qf2 h6 35. Nc3 Bc4 36. Qg2 Qg4 37. Qe4 Be6 38. Rf1 Bf5 39. Qg2 Rd8 40. Ne4 Rd4
41. Nf2 Qe2 42. Nd3 Qh5 43. Qf2 Rc4 44. Re1 Qf7 45. e6 Bxe6 46. Ne5 Qf5 47.
Nxc4 Bxc4 48. Qe3 Bd5 49. c4 Bxc4 50. Qe8+ Bg8 51. Qe5 Qd3 52. Re3 Qd1+ 53. Kg2
Qc2+ 54. Kh3 Qd1 55. Kh4 Bf7 56. g4 Qg1 57. h3 Qf2+ 58. Rg3 Qd2 59. g5 Qd8 60.
Kg4 h5+ 61. Kh4 Kh7 62. f5 g6 63. fxg6+ Bxg6 64. Re3 Kg8 65. Qe6+ Bf7 66. Qf6
Qd2 67. Rf3 Qe1+ 68. Rf2 Qe4+ 69. Qf4 Qe6 70. Qxf7+ Qxf7 71. Rxf7 Kxf7 72. Kxh5
Kg7 73. Kg4 b6 74. Kf4 1-0

[Event "Veteranos Aragón. Máster 50"]
[Site "?"]
[Date "2019.??.??"]
[Round "?"]
[White "GUTIÉRREZ, José Antonio"]
[Black "GONZÁLEZ, Arturo"]
[Result "1-0"]
[WhiteElo "1933"]
[BlackElo "1641"]
[PlyCount "77"]
[EventDate "2019.04.28"]

1. e4 e6 2. d4 d5 3. Nc3 Nf6 4. Bg5 Be7 5. e5 Nfd7 6. Bxe7 Qxe7 7. Qg4 O-O 8.
f4 f5 9. Qh3 a6 10. Nf3 c5 11. Bd3 cxd4 12. Nxd4 Nc5 13. O-O-O Nc6 14. Nxc6
bxc6 15. g4 g6 16. g5 Ne4 17. Bxe4 fxe4 18. Qe3 c5 19. Ne2 Bd7 20. h4 Rf7 21.
h5 Rg7 22. hxg6 hxg6 23. Rh6 Kf7 24. Rdh1 Rag8 25. Qa3 Bb5 26. Nc3 Bc4 27. Na4
Rc8 28. Rh7 Bb5 29. Qh3 Rcg8 30. Nc3 Bc6 31. Qf1 Bb7 32. R1h6 d4 33. Na4 e3 34.
Qc4 Bf3 35. f5 gxf5 36. Rf6+ Ke8 37. Rxe6 Rxh7 38. Rxe7+ Rxe7 $4 39. Qxg8+ 1-0

[Event "Veteranos Aragón. Máster 50"]
[Site "?"]
[Date "2019.??.??"]
[Round "?"]
[White "ÁLVAREZ, Miguel Ángel"]
[Black "NAVARRO, Jesús"]
[Result "1/2-1/2"]
[WhiteElo "1817"]
[BlackElo "1695"]
[PlyCount "86"]
[EventDate "2019.04.28"]

1. c4 Nf6 2. g3 c5 3. Bg2 Nc6 4. Nc3 d6 5. e4 Bg4 6. f3 Be6 7. d3 g6 8. Nge2
Bg7 9. O-O Qc8 10. Nd5 Bh3 $2 11. Bxh3 Qxh3 12. Nc7+ Kd7 13. Nxa8 Rxa8 14. Nf4
Qh6 15. Ne6 g5 16. Nxg5 Qg6 17. f4 Bf8 18. Nf3 Rd8 19. e5 dxe5 20. fxe5 Ng4 21.
Nh4 Qg8 22. Qf3 Ngxe5 23. Qe4 Kc8 24. Bf4 Nxd3 25. Rad1 Nxf4 26. Rxd8+ Nxd8 27.
Qxf4 f6 28. Qf5+ Kb8 29. Qxc5 e6 30. Qd4 Be7 31. b3 Qe8 32. Nf3 Qc6 33. Kg2 Qa6
34. a4 Qc6 35. Rd1 a6 36. Qd3 f5 37. Kh3 Bf6 38. Ne5 Bxe5 39. Qxd8+ Ka7 40. a5
Bc7 41. Qc8 Qf3 42. Rd7 Qg4+ 43. Kg2 Qe2+ 1/2-1/2

[Event "Veteranos Aragón. Máster 50"]
[Site "?"]
[Date "2019.??.??"]
[Round "?"]
[White "FERNÁNDEZ, Pedro José"]
[Black "TORCAL, Alfonso"]
[Result "1-0"]
[WhiteElo "1502"]
[BlackElo "1761"]
[PlyCount "49"]
[EventDate "2019.04.28"]

1. e4 c6 2. Nc3 d5 3. Qf3 d4 4. Bc4 Nf6 5. e5 dxc3 6. exf6 cxd2+ 7. Bxd2 exf6
8. O-O-O Nd7 9. Qe3+ Be7 10. Bb4 Kf8 11. Bc3 Qb6 12. Qe2 Qc7 13. Nf3 Nb6 14.
Bb3 Bg4 15. Rhe1 Bxf3 16. gxf3 c5 17. Ba5 h5 18. Bxb6 axb6 19. Qc4 Bd8 20. Ba4
g5 21. Bb5 Qf4+ $4 22. Qxf4 gxf4 23. Re8+ Kg7 24. Rg1+ Kh7 25. Bd3+ 1-0

[Event "Veteranos Aragón. Máster 50"]
[Site "?"]
[Date "2019.??.??"]
[Round "?"]
[White "ASÍN, Pedro José"]
[Black "REGUERA, Moisés"]
[Result "0-1"]
[WhiteElo "1735"]
[BlackElo "1521"]
[PlyCount "108"]
[EventDate "2019.04.28"]

1. e4 e5 2. Nf3 Nc6 3. d4 exd4 4. Nxd4 Nf6 5. Nxc6 bxc6 6. Bd3 d5 7. exd5 cxd5
8. O-O Be7 9. Re1 O-O 10. b3 Re8 11. Bb2 c6 12. Nd2 Bg4 13. f3 Qb6+ 14. Kh1 Be6
15. c4 Bb4 16. Bxf6 gxf6 17. Qc2 Bxd2 18. Qxd2 Kg7 19. Qf4 Qb8 20. Qh4 h5 21.
cxd5 cxd5 22. f4 f5 23. Qg5+ Kf8 24. Bxf5 Qb4 25. Qh6+ Ke7 26. Bxe6 fxe6 27.
Qxe6+ Kf8 28. Qf6+ Kg8 29. Qg6+ Kf8 30. Re5 Rxe5 31. fxe5 Qf4 32. Qd6+ Kg7 33.
Qe7+ Qf7 34. Qg5+ Qg6 35. Qxg6+ Kxg6 36. Rd1 Rd8 37. Kg1 Kf5 38. e6 Kxe6 39.
Kf2 Rc8 40. Rd2 Ke5 41. g3 d4 42. h3 Rf8+ 43. Kg2 Ke4 44. g4 Ke3 45. Rd1 d3 46.
gxh5 Ke2 47. Rxd3 Kxd3 48. Kg3 Kc3 49. Kg4 Kb2 50. Kg5 Kxa2 51. h6 Kxb3 52. h7
a5 53. Kg6 a4 54. Kg7 Ra8 0-1

[Event "Veteranos Aragón. Máster 50"]
[Site "?"]
[Date "2019.??.??"]
[Round "?"]
[White "RODRÍGUEZ, Jorge"]
[Black "AMORÓS, Manuel"]
[Result "1-0"]
[WhiteElo "1725"]
[BlackElo "1483"]
[PlyCount "131"]
[EventDate "2019.04.28"]

1. d4 Nf6 2. c4 g6 3. Nc3 Bg7 4. e4 d6 5. Be3 O-O 6. Be2 Na6 7. Nf3 c5 8. d5
Nc7 9. Qd2 Re8 10. O-O e5 11. Bh6 Bh8 12. Ne1 a6 13. a4 Bd7 14. a5 Rb8 15. Bg5
b5 16. axb6 Rxb6 17. Nd3 h5 18. Bd1 Qc8 19. f3 Kh7 20. Ba4 Bxa4 21. Rxa4 Qb7
22. f4 exf4 23. Rxf4 Ng8 24. Rxf7+ Bg7 25. e5 dxe5 26. Ne4 Qc8 27. Ndf2 Rf8 28.
Rxg7+ Kxg7 29. Nxc5 Qf5 30. Nce4 Rfb8 31. b4 Qd7 32. Nc5 Qf5 33. Nfe4 Rf8 34.
h3 Qf1+ 35. Kh2 Qxc4 36. Nd7 Qxd5 37. Nxb6 Qxe4 38. Ra5 Rf7 39. Nd7 Qd4 40.
Nxe5 Qxd2 41. Bxd2 Rf5 42. Bc3 Nb5 43. Ba1 Kh6 44. Rxa6 Nf6 45. Rb6 Nc7 46. Bd4
Ncd5 47. Nf7+ Kh7 48. Rb7 Rf4 49. Bxf6 Rxf6 50. Ng5+ Kg8 51. b5 Rb6 52. Rxb6
Nxb6 53. Kg3 Kg7 54. Kf4 Kf6 55. Ne4+ Kg7 56. Kg5 Nd5 57. Nd6 Kf8 58. Kxg6 Ke7
59. Nf5+ Ke6 60. g3 Ke5 61. Kg5 Ke6 62. Ng7+ Kd6 63. Nxh5 Kc5 64. Nf4 Ne3 65.
h4 Kxb5 66. h5 1-0

[Event "Veteranos Aragón. Máster 50"]
[Site "?"]
[Date "2019.??.??"]
[Round "?"]
[White "GARCÍA, Mauricio"]
[Black "CELMA, Ramón"]
[Result "1-0"]
[WhiteElo "1490"]
[BlackElo "1587"]
[PlyCount "83"]
[EventDate "2019.04.28"]

1. Nf3 Nf6 2. c4 c5 3. g3 Nc6 4. Bg2 e5 5. d3 d6 6. O-O Be7 7. Nc3 O-O 8. Bg5
h6 9. Bxf6 Bxf6 10. Nd5 Be6 11. Rb1 Rb8 12. Nd2 Bg5 13. Ne4 Bxd5 14. cxd5 Nd4
15. e3 Nf5 16. Qh5 g6 17. Qg4 Ng7 18. Qe2 f5 19. Nxg5 Qxg5 20. Qd2 Qe7 21. Rbe1
Rbe8 22. b3 Qc7 23. Qc3 b6 24. Qc4 Qd8 25. Qa4 Qe7 26. b4 Rc8 27. bxc5 Rxc5 28.
d4 Ra5 29. Qb3 e4 30. Rc1 Qf7 31. Rc6 Qxd5 32. Rxd6 Qxb3 33. axb3 Ne8 34. Rxg6+
Kh7 35. Re6 Nf6 36. Rc1 Rf7 37. Bf1 Rd5 38. Rcc6 Kg7 39. Bc4 Rdd7 40. h3 Rde7
41. Re5 Rxe5 $2 42. dxe5 1-0

[Event "Veteranos Aragón. Máster 50"]
[Site "?"]
[Date "2019.??.??"]
[Round "?"]
[White "COLÓN, Antonio"]
[Black "CALVO, Juan Alberto"]
[Result "1-0"]
[WhiteElo "1293"]
[BlackElo "1572"]
[PlyCount "91"]
[EventDate "2019.04.28"]

1. e4 e5 2. Nf3 Nc6 3. Bb5 a6 4. Ba4 Nf6 5. O-O Nxe4 6. Re1 Nc5 7. Bxc6 dxc6 8.
Nxe5 Be6 9. Qf3 Bd6 10. Nxf7 O-O 11. Nxd8 Rxf3 12. Nxe6 Re8 13. gxf3 Nxe6 14.
Nc3 Kf7 15. d3 h6 16. Bd2 Rf8 17. Be3 Kg8 18. Bxh6 Nd4 19. Bxg7 Kxg7 20. Re4
Nxf3+ 21. Kg2 Rf5 22. Rg4+ Kf7 23. h4 Ne5 24. Rg5 Rf4 25. Rh1 Nf3 26. Rh5 Kg6
27. Rh8 Kg7 28. Re8 Nxh4+ 29. Kf1 Nf3 30. Ne2 Rf5 31. Kg2 Ne5 32. Ng3 Rf7 33.
Ne4 Ng6 34. a3 Be7 35. b4 Rf5 36. Re1 Kf7 37. Rb8 Rb5 38. c4 Rb6 39. c5 Bxc5 $2
40. Nxc5 a5 41. Rxb7 Rxb7 42. Nxb7 axb4 43. axb4 Nf4+ 44. Kf3 Nd5 $2 45. Rb1
Nc3 46. Rc1 1-0

[Event "Veteranos Aragón. Máster 50"]
[Site "?"]
[Date "2019.??.??"]
[Round "?"]
[White "FERNÁNDEZ, Tomás"]
[Black "SÁNCHEZ, Ricardo"]
[Result "0-1"]
[WhiteElo "1409"]
[BlackElo "1387"]
[PlyCount "66"]
[EventDate "2019.04.28"]

1. d4 g6 2. Nf3 Bg7 3. Bf4 d6 4. e3 a6 5. Be2 b5 6. O-O c5 7. c3 Nd7 8. Nbd2
Bb7 9. Rb1 Ngf6 10. Qc2 O-O 11. h3 Rc8 12. Bh2 Qa5 13. Nb3 Qa4 14. c4 cxd4 15.
Nbxd4 Qxc2 16. Nxc2 bxc4 17. Rfc1 d5 18. Ncd4 Ne4 19. Bf1 Bc6 20. Nxc6 Rxc6 21.
Rd1 e6 22. Nd4 Rb6 23. f3 Nec5 24. Bc7 Rb7 25. Ba5 Rc8 26. Bc3 Na4 27. Ne2 Nxc3
28. Nxc3 Rcb8 29. Na4 Bxb2 30. Nxb2 Rxb2 31. Rxb2 Rxb2 32. Bxc4 Nc5 33. Bxa6 $2
Nxa6 0-1

[Event "Veteranos Aragón. Máster 50"]
[Site "?"]
[Date "2019.??.??"]
[Round "?"]
[White "ÁLVARO, Gonzalo"]
[Black "SANTOS, Higinio"]
[Result "0-1"]
[WhiteElo "1285"]
[BlackElo "1392"]
[PlyCount "72"]
[EventDate "2019.04.28"]

1. e4 c5 2. Nf3 d6 3. Bb5+ Nd7 4. O-O a6 5. Bxd7+ Bxd7 6. d3 e6 7. e5 Qc7 8.
Bf4 Qb6 9. b3 dxe5 10. Nxe5 Nf6 11. c4 Rd8 12. Qc2 Bd6 13. h3 O-O 14. Nc3 Qc7
15. Rfe1 Nh5 16. Qd2 $4 Nxf4 17. Nxd7 Rxd7 18. Re4 Nxd3 19. Qe2 Nf4 20. Qf3 Ng6
21. g3 Be5 22. Rd1 Rfd8 23. Rxd7 Rxd7 24. Nd1 Qd6 25. Ne3 f5 26. Rxe5 Nxe5 27.
Qh5 g6 28. Qe2 Qd2 29. Kf1 Qc1+ 30. Kg2 Rd2 31. Qf1 Qxf1+ 32. Nxf1 Rxa2 33. Nh2
Nd3 34. Nf1 Rxf2+ 35. Kg1 Rb2 36. Ne3 Rxb3 0-1

[Event "Veteranos Aragón. Máster 50"]
[Site "?"]
[Date "2019.??.??"]
[Round "?"]
[White "ALVIRA, José Antonio"]
[Black "CORCUERA, Alfredo"]
[Result "0-1"]
[WhiteElo "1240"]
[BlackElo "1045"]
[PlyCount "128"]
[EventDate "2019.04.28"]

1. e4 e5 2. Nf3 d6 3. Bc4 Be7 4. c3 c5 5. Bb3 Nc6 6. h3 Na5 7. Bc2 b5 8. d3 Nc6
9. O-O Bf6 10. Be3 Nge7 11. Na3 a6 12. Rc1 O-O 13. Qd2 Qd7 14. d4 cxd4 15. Bg5
Bxg5 16. Qxg5 h6 17. Qg3 Ng6 18. cxd4 Nf4 19. Bd1 Nb4 20. Nh4 Qe7 21. Nf5 Bxf5
22. exf5 Nxa2 23. Rc6 Nb4 24. Rc3 Rfc8 25. dxe5 dxe5 26. Qf3 Qg5 27. Bb3 Qxf5
28. Rfc1 g6 29. Qg4 $4 Qxg4 30. hxg4 Ne2+ 31. Kh2 Nxc1 32. Rf3 Nxb3 33. Rxb3
Nd5 34. Nb1 Rc2 35. Kg3 g5 36. Kf3 Rd8 37. Ke4 Rxf2 38. Kxe5 Nf4 39. Nc3 Nxg2
40. Ne4 Re8+ 41. Kd5 Nf4+ 42. Kd4 Rd8+ 43. Ke3 Rh2 44. Ra3 Rh3+ 45. Kf2 Rxa3
46. bxa3 Rd3 47. a4 bxa4 48. Nc5 Rc3 49. Nxa4 Ra3 50. Nc5 Nd3+ 51. Nxd3 Rxd3
52. Ke2 Rh3 53. Kf2 a5 54. Kg2 Rb3 55. Kf2 a4 56. Ke2 a3 57. Kd2 Rb1 58. Kc2 a2
59. Kd3 a1=Q 60. Ke4 Qa5 61. Kd3 Qa4 62. Kd2 Qa3 63. Kc2 Rb2+ 64. Kc1 Qa1# 0-1